Estudios sobre el valor jurídico del documento notarial (Record no. 113171)

MARC details
000 -LEADER
campo de control de longitud fija 00729nam a2200193 4500
001 - NÚMERO DE CONTROL
campo de control 113171
003 - IDENTIFICADOR DE NÚMERO DE CONTROL
campo de control ES-MaACL
005 - FECHA Y HORA DE LA ÚLTIMA TRANSACCIÓN
campo de control 20231230062954.0
007 - CAMPO FIJO DE DESCRIPCIÓN FÍSICA--INFORMACIÓN GENERAL
campo de control de longitud fija t|
008 - DATOS DE LONGITUD FIJA--INFORMACIÓN GENERAL
campo de control de longitud fija 061121s1943 sp r ||||1| spa d
100 1# - ENTRADA PRINCIPAL--NOMBRE DE PERSONA
Nombre de persona Núñez Lagos, Rafael,
Fechas asociadas al nombre 1902-1991
9 (RLIN) 86209
245 10 - MENCIÓN DEL TÍTULO
Título Estudios sobre el valor jurídico del documento notarial
Resto del título : (notas de historia y exégesis) /
Mención de responsabilidad, etc. por Rafael Núñez Lagos.
260 ## - PUBLICACIÓN, DISTRIBUCIÓN, ETC.
Lugar de publicación, distribución, etc. Alcalá de Henares :
Nombre del editor, distribuidor, etc. [s. n.],
Fecha de publicación, distribución, etc. 1945.
300 ## - DESCRIPCIÓN FÍSICA
Extensión 130 p. ;
Dimensiones 24 cm.
500 ## - NOTA GENERAL
Nota general Conferencia desarrollada el día 5 de mayo de 1943 en la Academia Matritense del Notariado.
710 2# - ENTRADA AGREGADA--NOMBRE DE ENTIDAD CORPORATIVA
Nombre de entidad corporativa o nombre de jurisdicción como elemento de entrada Academia Matritense del Notariado.
9 (RLIN) 1205
852 ## - LOCALIZACIÓN
Ubicación ES-MaACL
Número de control de estantería C-4970
Sublocalización o colección R.25257
Holdings
Estatus retirado Estado de pérdida Estado de daño No para préstamo Biblioteca de origen Biblioteca actual Ubicación en estantería Fecha de adquisición Fuente de adquisición Total de préstamos Signatura topográfica completa Código de barras Visto por última vez Precio de reemplazo Tipo de ítem Koha
        Biblioteca del Ateneo de Madrid Biblioteca del Ateneo de Madrid Sala Palomar 17/01/2008     C-4970 1118043 23/02/2023 23/02/2023 Libro impreso